| 000 | 01150nam0a22003851 4500 | ||
|---|---|---|---|
| 001 | RU\NLR\A1SV\28939 | ||
| 005 | 20251203171251.9 | ||
| 035 | _a(NLR Aleph) 009712875 | ||
| 090 |
_a9842101 _c9842101 |
||
| 100 | _a19800903d1924 u y0rusy50 ca | ||
| 101 | 0 | _arus | |
| 102 | _aRU | ||
| 200 | 1 |
_aПсихо-машина _e(Фантаст. роман) _fВ.Гончаров |
|
| 210 |
_aМ. _aЛ. _cМол. гвардия _d1924 |
||
| 215 |
_a109 с. _cил. _d26 см |
||
| 300 | _aПродолж.: роман "Межпланетный путешественник" | ||
| 620 | _dМосква | ||
| 620 | _dСанкт-Петербург | ||
| 700 | 1 |
_aГончаров _bВ. А. _cписатель-фантаст _gВиктор Алексеевич _9169057 _3RU\NLR\AUTH\770169107 |
|
| 801 | 0 |
_aRU _bNLR _c19800903 |
|
| 852 |
_aNLR _j35.58.6.222 |
||
| 852 |
_aNLR _j127/3082 |
||
| 899 | _aРКП | ||
| 899 | _aНБЛ КГУ | ||
| 899 | _aNLG | ||
| 899 | _aLatNB | ||
| 899 | _aБАН | ||
| 899 | _aКирОУНБ | ||
| 899 | _aГПИБ | ||
| 899 | _aNYCG | ||
| 899 | _aРГБ | ||
| 942 | _cBOOK | ||
| 980 | _aNB | ||
| 980 | _aA1SV | ||